50 Personajes de Los Serrano por Fotos - Estadísticas

Estadísticas generales
  • Esta prueba ha sido intentada 235 veces
  • La puntuación promedio es 23 de 50
Estadísticas de respuestas
Imagen Respuesta % Correcto
Guillermo "Guille" Serrano
99%
Fructuoso "Fiti" Martínez
91%
María Teresa "Teté" Capdevila
91%
Jose María Bellido "Boliche"
90%
Diego Serrano
88%
Raúl Martínez
85%
Lucía
84%
Marcos Serrano
83%
Curro Serrano
82%
Eva Capdevila
81%
África Sanz
79%
Santiago "Santi" Serrano
77%
Candela Blanco
72%
Lourdes "Lourditas" Salgado
70%
"Choni" Martínez
65%
Fernando "Fermín"
60%
Carmen
59%
David Bornás "DVD"
59%
Yolanda "Yoli" Bellido
58%
Matías Scobich "Valdano"
57%
Octavio Salas "Chuky"
48%
Celia Montenegro
42%
Humberto
42%
Ana Blanco
38%
Mustafá Rasit
38%
Álex Chacón
37%
Joan Manuel
37%
José Luis "Josico" Salgado
37%
Richy
34%
Raquel
33%
Lorena
28%
Francisco Serrano
27%
Paquillo
27%
Díez
26%
Manuel "Manu" Capdevila
26%
Luna
23%
Andrés Blanco
22%
Elena
21%
Helena Rivera
21%
Grogui
19%
Sandrine
19%
Sara
19%
Gael Montenegro
17%
Susana
16%
El Rober
15%
Emilia Huarte
14%
Juan
13%
Ruth Castell Capdevila
13%
Ramón Sanz
12%
Adela
8%
No se encontraron pruebas coincidentes
Distribución de puntuación
Porcentaje de gente con cada puntuación
Porcentaje por número respondido
Historial de tus puntuaciones
No has intentado esta prueba.